00667nam a2200217Ia 4500008004100000020001800041050001600059050001800075100002600093245002900119245003400148245006200182260001700244260002100261260000900282300001600291300002000307300001100327650005500338650005600393160418s9999 xx 000 0 und d a971-725-073-1 aFIL PL 6054 b.A38 2002 c.3 aAguilar, Reynaldo L.  aSining ng komunikasyon : bgawaing-aklat sa Filipino I / cReynaldo L. Aguilar, Zenaida M. Pegtuan, Carmen H. Litan. aMakati City: bGrandwater Pub., c2002 a229 pages : billustrations ; c22 cm. aFilipino language -- Study and teaching (Higher).  xCommunication -- Study and teaching -- Philippines.